House building costs studied (Record no. 117486)
[ view plain ]
| 000 -LEADER | |
|---|---|
| fixed length control field | 01284cam a2200229 4500 |
| 001 - CONTROL NUMBER | |
| control field | WB4022-09 |
| 008 - FIXED-LENGTH DATA ELEMENTS--GENERAL INFORMATION | |
| fixed length control field | 040608n2004 000 0 eng u |
| 035 ## - SYSTEM CONTROL NUMBER | |
| System control number | (Sirsi) u126431 |
| 245 ## - TITLE STATEMENT | |
| Title | House building costs studied |
| 260 ## - PUBLICATION, DISTRIBUTION, ETC. | |
| Date of publication, distribution, etc. | 2004 |
| 490 ## - SERIES STATEMENT | |
| Series statement | Planning (for the Natural and Built Environment) |
| Volume/sequential designation | (1572) 4 June 2004, 1(1) |
| 520 ## - SUMMARY, ETC. | |
| Summary, etc. | DEFRA has published a government-commissioned report "Study into the environmental impacts of increasing housing supply in the UK", which warns that the environmental cost of boosting housing supply in the UK will be severe and could total £8.4bn. It estimates that, under the highest projection of housing growth, 77 500ha of greenfield land would be lost between 2001 and 2016. Also extra housing could increase carbon dioxide emissions by 20% by 2016. Total annual waste is projected to reach 9.3m tonnes by 2015-16. However, building homes in line with green standards could save millions of pounds and mitigate environmental damage. The report can be viewed at http://statistics.defra.gov.uk/esg/. |
| 590 ## - LOCAL NOTE (RLIN) | |
| Local note | WB |
| 590 ## - LOCAL NOTE (RLIN) | |
| Local note | WB |
| 650 ## - SUBJECT ADDED ENTRY--TOPICAL TERM | |
| Topical term or geographic name entry element | HOUSING SUPPLY |
| 650 ## - SUBJECT ADDED ENTRY--TOPICAL TERM | |
| Topical term or geographic name entry element | ENVIRONMENTAL IMPACT |
| 650 ## - SUBJECT ADDED ENTRY--TOPICAL TERM | |
| Topical term or geographic name entry element | GREEN HOUSING |
| 650 ## - SUBJECT ADDED ENTRY--TOPICAL TERM | |
| Topical term or geographic name entry element | HOUSE BUILDING |
| 650 ## - SUBJECT ADDED ENTRY--TOPICAL TERM | |
| Topical term or geographic name entry element | GREENFIELD SITES |
| 690 ## - LOCAL SUBJECT ADDED ENTRY--TOPICAL TERM (OCLC, RLIN) | |
| Topical term or geographic name as entry element | HOUSING |
| 942 ## - ADDED ENTRY ELEMENTS (KOHA) | |
| Suppress in OPAC | 0 |
| Withdrawn status | Lost status | Source of classification or shelving scheme | Damaged status | Not for loan | Home library | Current library | Shelving location | Date acquired | Total Checkouts | Full call number | Barcode | Date last seen | Copy number | Price effective from | Koha item type |
|---|---|---|---|---|---|---|---|---|---|---|---|---|---|---|---|
| Dewey Decimal Classification | London | London | News article | 08/06/2004 | WB4022-09 | 126431-1001 | 06/08/2019 | 1 | 06/08/2019 | News article |